| 000 | 00446 a2200157 4500 | ||
|---|---|---|---|
| 003 | OSt | ||
| 005 | 20231226121800.0 | ||
| 008 | 231226b |||||||| |||| 00| 0 eng d | ||
| 020 | _a8181430700 | ||
| 040 | _coclc | ||
| 082 |
_a891.43 _bSHA/J |
||
| 245 |
_aJAATIVAD AUR RANGBHED / _cedited by Shamhunath |
||
| 260 |
_aNew Delhi: _bVani Prakashan, _c2010. |
||
| 300 | _a140p | ||
| 942 |
_2ddc _cBK _h891.43 _iSHA/J _k891.43 _mSHA/J |
||
| 999 |
_c43581 _d43581 |
||